|
|
|
|
| LEADER |
00645nta a2200193 i 4500 |
| 001 |
dipl90175 |
| 005 |
20201211143023.0 |
| 008 |
201211s2007 hu om 0|| zxx d |
| 040 |
|
|
|a SZTE Diploma Repozitórium
|b hun
|
| 041 |
|
|
|a zxx
|
| 100 |
1 |
|
|a Fellner László
|
| 245 |
1 |
2 |
|a A kubai rakétaválság a magyar napilapok tükrében
|h [elektronikus dokumentum] /
|c László Fellner
|
| 260 |
|
|
|c 2007
|
| 650 |
|
4 |
|a Bölcsészettudományok
|
| 650 |
|
4 |
|a Humanities
|
| 650 |
|
4 |
|a History and archaeology
|
| 650 |
|
4 |
|a History
|
| 700 |
1 |
|
|a Zalai Anita
|e ths
|
| 856 |
4 |
0 |
|u http://diploma.bibl.u-szeged.hu/id/eprint/90175/1/2007_fellner_laszlo.pdf
|z Dokumentum-elérés
|